| 000 | 00612nam a22002297a 4500 | ||
|---|---|---|---|
| 001 | 14442 | ||
| 003 | BD-JhCC | ||
| 005 | 20251118093329.0 | ||
| 008 | 251118b |||||||| |||| 00| 0 eng d | ||
| 020 | _a9780141397788 | ||
| 035 | _a(BD-JhCC) 14442 | ||
| 040 |
_aBD-JhCC _dBD-JhCC |
||
| 041 | _aeng | ||
| 082 |
_223 _a808.83 _bWIL |
||
| 100 | _aWild,Oscar | ||
| 245 |
_a Lord Arthur Savile's crime / _cOscar Wilde |
||
| 260 |
_aLondon: _bPenguin Classics, _c2015 |
||
| 300 |
_a49p.; _c17 cm. |
||
| 490 |
_a Penguin Little black classics _vN,59 |
||
| 650 | _a Detective and mystery stories | ||
| 942 |
_2ddc _cBK |
||
| 999 |
_c14442 _d14442 |
||